000 01450nam0a2200325 4500
001 RU\NLR\bibl\1215660
005 20260405235224.0
010 _a978-5-17-047897-2
_bАСТ
_92000
021 _aRU
_b2008-11314
_9624
035 _a(nilc)RSL-KNO-003407337
035 _a(NLR Aleph) 001202045
090 _a1779375
_c1779375
100 _a20080307d2008 |||y0rusy50 ca
101 0 _arus
102 _aRU
105 _ay |||||||||
200 1 _aИз жизни читательницы
_eроман
_fЕлена Лобанова
210 _aМосква
_cАСТ
_cПрофиздат
_d2008 (печ. 2007)
215 _a254, [1] с.
_d20
225 1 _aРусский романс
610 0 _aФилологические науки. Художественная литература -- Российская Федерация -- Русская литература -- с сер. 50-х гг. 20 в. -- Произведения художественной литературы -- Художественная проза -- Романы. Повести. Рассказы
686 _aШ5(2=Р)75-644
_2rubbk
700 1 _4070
_8rus
_7ca
_aЛобанова
_bЕ. А.
_cписатель
_f1959-
_gЕлена Александровна
_3RU\NLR\auth\77108841
_991766
801 0 _aRU
_bРКП
_c20080307
_grcr
801 1 _aRU
_bРГБ
_c20080307
801 2 _aRU
_bNLR
_c20080416
_grcr
942 _cBOOK
980 _aNB